[Event "XXVI Open A"]
[Site "Collado Villalba ESP"]
[Date "2009.08.28"]
[Round "8"]
[White "Martin Consuegra Barrilero,J"]
[Black "Garcia Sanchez Navarro,M"]
[Result "1-0"]
[WhiteElo "1891"]
[BlackElo "1600"]

1.d4 Nf6 2.Bg5 e6 3.e4 Be7 4.e5 Nd5 5.Bxe7 Qxe7 6.c4 Nb6 7.Nc3 O-O 8.Nf3 d5
9.c5 N6d7 10.Nb5 Qd8 11.Bd3 a6 12.Nc3 Re8 13.O-O Nf8 14.b4 Bd7 15.a4 Nc6
16.Rb1 a5 17.b5 Nb4 18.Be2 Ng6 19.Qd2 f5 20.exf6 Qxf6 21.Rfe1 Rf8 22.Bf1 Nh4
23.Nxh4 Qxh4 24.g3 Qf6 25.f4 Rf7 26.Re5 Qg6 27.Rb2 Raf8 28.Rg5 Qh6 29.Na2 Nxa2
30.Rxa2 b6 31.c6 Bc8 32.Bd3 Qf6 33.Qe3 g6 34.h4 Rg7 35.Rh2 h6 36.Re5 Qe7
37.Bc2 Qb4 38.Re2 Qd6 39.Kg2 Rf6 40.Qb3 Rgf7 41.Qb1 Kg7 42.R2e3 Qf8 43.Qb3 Qd6
44.Qd3 Qf8 45.h5 Rf5 46.hxg6 R7f6 47.Qe2 Rxe5 48.fxe5 Rf5 49.Bxf5 exf5 50.e6 Qe7
51.Qh5 Bxe6 52.Qxf5 Bxf5 53.Rxe7+ Kxg6 54.Rxc7 Bc2 55.Rb7 Kf6 56.c7 Bf5 57.Rxb6+ Ke7
58.Rb8 Be4+ 59.Kf2  1-0

[Event "II Open"]
[Site "Sabadell ESP"]
[Date "2009.09.02"]
[Round "2"]
[White "Villuendas Valero,A"]
[Black "Fier,A"]
[Result "0-1"]
[WhiteElo "2186"]
[BlackElo "2644"]

1.d4 Nf6 2.Bg5 e6 3.Nd2 h6 4.Bxf6 Qxf6 5.e3 b6 6.Qf3 Qxf3 7.Ngxf3 Bb7 8.Bd3 g5
9.Ke2 d6 10.g4 Be7 11.Be4 Bxe4 12.Nxe4 f5 13.gxf5 exf5 14.Ng3 Rf8 15.d5 c5
16.h4 g4 17.Nd2 f4 18.Nh5 f3+ 19.Kd3 Nd7 20.c3 Ne5+ 21.Kc2 Kd7 22.Rag1 b5
23.Ne4 c4 24.Nf4 Rab8 25.a3 a5 26.h5 Rg8 27.Ng6 Nxg6 28.hxg6 Rxg6 29.Rh5 Re8
30.Nd2 Rf8 31.Ne4 Bf6 32.Rgh1 Be5 33.Kd2 g3 34.fxg3 Rg4 35.R5h4 Rxh4 36.gxh4 Rg8
37.Rf1 Rg4 38.Nf2 Rxh4 39.Nd1 Rh3 40.Rg1 Rh2+ 41.Kc1 h5  0-1

[Event "TCh-SRB 1st League"]
[Site "Kragujevac SRB"]
[Date "2009.09.04"]
[Round "4"]
[White "Perunovic,Mio"]
[Black "Novoselski,Z"]
[Result "0-1"]
[WhiteElo "2439"]
[BlackElo "2412"]

1.d4 Nf6 2.Bg5 e6 3.e3 d5 4.Nd2 Be7 5.Bd3 O-O 6.f4 Ne8 7.Ngf3 f5 8.Qe2 Nd7
9.h3 Nd6 10.Bxe7 Qxe7 11.g4 Ne4 12.Rg1 a5 13.c3 a4 14.a3 c5 15.Rg2 b6 16.gxf5 exf5
17.Kf1 Rf6 18.Kg1 Rh6 19.c4 Ba6 20.Kh2 cxd4 21.Rag1 g6 22.Nxd4 Kh8 23.N2f3 Ndc5
24.Ne5 Re8 25.Bxe4 Nxe4 26.Qc2 dxc4 27.Qxa4 Nc5 28.Qc2 Qf6 29.Rg3 b5 30.Ndf3 Ne4
31.Ng5 Nxg3 32.Ngf7+ Kg7 33.Nxh6 Ne4 34.Nhf7 Re7 35.Qd1 Rxf7 36.Nxf7 Qxf7
37.Qd4+ Kh6 38.Rd1 c3 39.Rg1 Nd2 40.Qxc3 Nf3+ 41.Kg2 Nxg1 42.Kxg1 Bb7 43.Kf2 Qe7
44.Ke2 Be4 45.Qd4 Kh5 46.Qd1 Kh4 47.Qe1+ Kxh3 48.Qf1+ Bg2  0-1

[Event "TCh-SRB 1st League"]
[Site "Kragujevac SRB"]
[Date "2009.09.04"]
[Round "4"]
[White "Miladinovic,I"]
[Black "Arsovic,Z"]
[Result "1-0"]
[WhiteElo "2547"]
[BlackElo "2468"]

1.d4 Nf6 2.Bg5 e6 3.e3 c5 4.c3 cxd4 5.exd4 Be7 6.Nf3 Nc6 7.Bd3 Nd5 8.Bd2 b6
9.Qe2 Bb7 10.O-O O-O 11.a3 Re8 12.Re1 d6 13.b4 a5 14.b5 Nb8 15.Qe4 Nf6 16.Qxb7 Nbd7
17.Ng5 d5 18.c4 Nf8 19.c5 bxc5 20.b6 c4 21.Bc2 N6d7 22.Nf3 Qb8 23.Qc6 Rc8
24.Qb5 Qxb6 25.Qxb6 Nxb6 26.Nc3 Nbd7  1-0

[Event "TCh-SRB 1st League"]
[Site "Kragujevac SRB"]
[Date "2009.09.04"]
[Round "4"]
[White "Sedlak,N"]
[Black "Dudukovic,N"]
[Result "1-0"]
[WhiteElo "2571"]
[BlackElo "2210"]

1.d4 Nf6 2.Bg5 e6 3.e3 Be7 4.Nd2 O-O 5.c3 b6 6.Qf3 d5 7.Nh3 Bb7 8.Bd3 Nbd7
9.Qg3 Re8 10.O-O c5 11.f4 a6 12.Bxf6 Bxf6 13.Nf3 Nf8 14.Nf2 g6 15.Ng4 Bg7
16.Qh3 f6 17.Qg3 Qe7 18.h4 Bc8 19.Rf2 Bd7 20.Re1 Kh8 21.h5 gxh5 22.Ngh2 Rec8
23.Nf1 Bb5 24.Bb1 Be8 25.Qh4 Ra7 26.f5 e5 27.e4 cxd4 28.cxd4 exd4 29.exd5 Qd6
30.Qxd4 Bf7 31.Rd2 Rac7 32.Rdd1 Rc5 33.Be4 Bh6 34.Qf2 Nd7 35.Nd4 Ne5 36.Ne6 Rc4
37.Nh2 Rg8 38.Rd4 Rc1 39.Rxc1 Bxc1 40.Rd1 Bh6 41.Qh4 Bg5 42.Nxg5 Rxg5 43.Qf2 Ng4
44.Nxg4 Rxg4 45.Bf3 Rg5 46.Rc1 Rxf5 47.Rc6 Qe5 48.d6 Be6 49.Rxb6 h4 50.Rxa6 h3
51.Ra8+ Kg7 52.Ra7+ Kg6 53.d7 h2+ 54.Kh1 Qd6 55.Qc2 Qg3 56.Qe4 Qf2 57.Kxh2 Bd5
58.d8=Q  1-0

[Event "4th Xtracon Skovbo"]
[Site "Borup DEN"]
[Date "2009.09.05"]
[Round "3"]
[White "Thomasson,S"]
[Black "Hein,Ja"]
[Result "1-0"]
[WhiteElo "2015"]
[BlackElo "1567"]

1.d4 Nf6 2.Bg5 e6 3.e3 Be7 4.Bd3 c6 5.Nd2 Nd5 6.Bxe7 Nxe7 7.Qg4 O-O 8.Ngf3 f5
9.Qh3 Rf6 10.O-O-O d6 11.e4 Rh6 12.Qg3 Rg6 13.Qf4 Rg4 14.Qe3 f4 15.Qe2 Qa5
16.Kb1 Na6 17.Nc4 Qc7 18.e5 Nf5 19.Bxf5 exf5 20.exd6 Qf7 21.Nfe5 Qe6 22.Rhe1 b5
23.Nxg4 Qxe2 24.Rxe2 fxg4 25.Re8+ Kf7 26.d7 Bxd7 27.Nd6+  1-0

[Event "ch-RUS HL"]
[Site "Ulan Ude RUS"]
[Date "2009.09.06"]
[Round "5"]
[White "Yudin,S"]
[Black "Maslak,K"]
[Result "1/2-1/2"]
[WhiteElo "2599"]
[BlackElo "2551"]

1.d4 Nf6 2.Bg5 e6 3.e4 h6 4.Bxf6 Qxf6 5.Nf3 b6 6.Bd3 Bb7 7.Nbd2 Qe7 8.Qe2 g6
9.h4 Bg7 10.c3 d6 11.a4 a6 12.Nc4 Nd7 13.O-O-O h5 14.Kb1 e5 15.d5 Bc8 16.Bc2 Nf6
17.Ng5 Bd7 18.g3 b5 19.Na5 O-O 20.axb5 axb5 21.b4 Qd8 22.Kb2 Qb8 23.Ra1 Qb6
24.f3 Nh7 25.Nxh7 Kxh7 26.g4 Bh6 27.Bd3 Bf4 28.Nc6 Rxa1 29.Rxa1 Bxc6 30.dxc6 Qxc6
31.Bxb5 Qb6 32.gxh5 gxh5 33.Bd7 Qb8 34.Qc4 Kh8 35.Bf5 Kg7 36.Kb3 Be3 37.Qe2 Bf4
38.Qc4 Be3 39.Ra2 Kh6 40.Re2 Bf4 41.Rg2 Qa7 42.Ra2 Qg1 43.Qxc7 Qd1+ 44.Kc4 Qf1+
45.Kb3 Qd1+ 46.Kc4 Qf1+  1/2-1/2

[Event "TCh-SRB 1st League"]
[Site "Kragujevac SRB"]
[Date "2009.09.09"]
[Round "8"]
[White "Miladinovic,I"]
[Black "Martinovic,Sl"]
[Result "0-1"]
[WhiteElo "2547"]
[BlackElo "2452"]

1.d4 Nf6 2.Bg5 e6 3.e3 c5 4.c3 cxd4 5.exd4 Be7 6.Nf3 b6 7.Nbd2 Bb7 8.Bd3 Nc6
9.Nc4 O-O 10.Qe2 Ba6 11.O-O Nd5 12.Bd2 Rc8 13.Rac1 d6 14.a4 Bf6 15.Na3 Bxd3
16.Qxd3 Nde7 17.Rce1 d5 18.Bf4 Ng6 19.Bg3 Be7 20.Nc2 Bd6 21.h4 Re8 22.Ng5 Nf8
23.f4 f6 24.Nh3 Qc7 25.Rf3 Ne7 26.Ne3 h5 27.Bf2 Qd7 28.g4 hxg4 29.Nxg4 Nf5
30.Kh1 Qf7 31.Rg1 Kh8 32.Ne3 Qh5 33.Nf1 Rc7 34.Ng3 Qh7 35.Qe2 Nxh4 36.Re3 Nf5
37.Nxf5 Qxf5 38.Bh4 g6 39.Bxf6+ Qxf6 40.Ng5 Bxf4 41.Rf3 Nh7 42.Nh3 g5 43.Rg4 Rg7
44.Nxf4 gxf4 45.Rfxf4 Rxg4  0-1

[Event "4th Xtracon Skovbo"]
[Site "Borup DEN"]
[Date "2009.09.13"]
[Round "9"]
[White "Thomasson,S"]
[Black "Andersen,Dani"]
[Result "1-0"]
[WhiteElo "2015"]
[BlackElo "1953"]

1.d4 Nf6 2.Bg5 e6 3.e3 h6 4.Bh4 Be7 5.Bd3 b6 6.Qe2 Bb7 7.f4 d5 8.Nf3 c5 9.c3 Qc8
10.Nbd2 Ba6 11.O-O Bxd3 12.Qxd3 Nbd7 13.Rae1 O-O 14.g4 Qd8 15.g5 Nh7 16.Re2 hxg5
17.fxg5 Nxg5 18.Bxg5 Bxg5 19.Rg2 Bh6 20.e4 dxe4 21.Nxe4 g6 22.Nfg5 Bg7 23.Qh3  1-0

[Event "ch-RUS HL"]
[Site "Ulan Ude RUS"]
[Date "2009.09.13"]
[Round "11"]
[White "Bocharov,D"]
[Black "Maslak,K"]
[Result "0-1"]
[WhiteElo "2607"]
[BlackElo "2551"]

1.d4 Nf6 2.Bg5 e6 3.e4 h6 4.Bxf6 Qxf6 5.c3 d6 6.Bd3 Qg5 7.Nf3 Qxg2 8.Rg1 Qh3
9.e5 dxe5 10.dxe5 Bd7 11.Nbd2 Bc6 12.Qe2 Nd7 13.O-O-O O-O-O 14.Nd4 Nxe5 15.Bc2 Qxh2
16.Be4 Bxe4 17.Nxe4 Qf4+ 18.Kc2 Nd7 19.Rg4 Qe5 20.f4 Qa5 21.Rg3 Qa4+ 22.Kb1 Nf6
23.Nxf6 gxf6 24.Rgd3 Bc5 25.b3 Qe8  0-1

[Event "7th ch-Mediterranean"]
[Site "Rijeka CRO"]
[Date "2009.09.15"]
[Round "7"]
[White "Lebel Arias,J"]
[Black "Botsari,A"]
[Result "0-1"]
[WhiteElo "1953"]
[BlackElo "2286"]

1.d4 Nf6 2.Bg5 e6 3.e4 h6 4.Bxf6 Qxf6 5.Nf3 d6 6.Nc3 g5 7.h3 Bg7 8.Qd2 Nc6
9.O-O-O Bd7 10.Bb5 O-O-O 11.Kb1 Rhg8 12.Rhe1 Bh8 13.Bxc6 Bxc6 14.d5 Bd7 15.Nd4 h5
16.f3 a6 17.Qe3 Kb8 18.g4 hxg4 19.hxg4 Bg7 20.Rd3 Rh8 21.Red1 Qe5 22.a4 Rh3
23.Nb3 Rdh8 24.Nd2 b5 25.Ka2 Rh1 26.Rxh1 Rxh1 27.a5 Rh2 28.Kb3 exd5  0-1

[Event "SPICE Cup A"]
[Site "Lubbuck USA"]
[Date "2009.09.23"]
[Round "5"]
[White "Mamedov,Rau"]
[Black "Hammer,J"]
[Result "1/2-1/2"]
[WhiteElo "2645"]
[BlackElo "2583"]

1.d4 Nf6 2.Bg5 e6 3.Nd2 c5 4.e3 cxd4 5.exd4 b6 6.Bd3 Bb7 7.Ngf3 Be7 8.Bxf6 Bxf6
9.Qe2 a6 10.c3 d6 11.O-O-O b5 12.Kb1 Nd7 13.Ne4 Be7 14.h4 Bxe4 15.Bxe4 d5
16.Bd3 b4 17.c4 dxc4 18.Bxc4 Nb6 19.Bb3 O-O 20.Bc2 Nd5 21.Qe4 Nf6 22.Qd3 Qd5
23.g4 Qb5 24.Qxb5 axb5 25.Ne5 Bd6 26.f3 Nd5 27.Be4 Ra6 28.Bxd5  1/2-1/2

[Event "10th Veselin Boskovic Mem"]
[Site "Beograd SRB"]
[Date "2009.10.02"]
[Round "5.1"]
[White "Sedlak,N"]
[Black "Rajkovic,Du"]
[Result "0-1"]
[WhiteElo "2571"]
[BlackElo "2472"]

1.d4 Nf6 2.Bg5 e6 3.e4 h6 4.Bxf6 Qxf6 5.Nc3 Bb4 6.a3 Ba5 7.Ne2 d6 8.Qd3 O-O
9.f4 a6 10.O-O-O b5 11.e5 Qe7 12.Ne4 Nd7 13.h4 Bb7 14.Ng5 f5 15.exf6 Nxf6
16.Ng3 c5 17.Be2 c4 18.Qg6 Qe8 19.Qxe8 Raxe8 20.Bf3 Bxf3 21.Nxf3 Ng4 22.Ne4 d5
23.Nd6 Re7 24.Ne5 Nf2 25.Nc6 Rd7 26.Nxa5 Rxd6 27.Nb7 Rb6 28.Nc5 Nxh1 29.Rxh1 Rxf4
30.c3 e5 31.dxe5 Rc6 32.b4 cxb3 33.Nd3 Rxc3+ 34.Kd2 Rc2+ 35.Ke3 Re4+ 36.Kf3 Rc3  0-1

[Event "Chigorin Mem Open"]
[Site "St Petersburg RUS"]
[Date "2009.10.22"]
[Round "7"]
[White "Marzano,C"]
[Black "Bodnaruk,A"]
[Result "1-0"]
[WhiteElo "2209"]
[BlackElo "2384"]

1.d4 Nf6 2.Bg5 e6 3.Nf3 Be7 4.Nbd2 d5 5.e3 Nbd7 6.Bd3 O-O 7.c3 b6 8.Ne5 Nxe5
9.dxe5 Nd7 10.Bf4 f5 11.h4 Nc5 12.Bc2 Ba6 13.Nf3 Qd7 14.g4 Ne4 15.Nd4 c5
16.Nb3 c4 17.Nd4 Rad8 18.Qf3 Nc5 19.Qh3 Bc8 20.Rg1 Kh8 21.h5 Rde8 22.Rg2 Bd8
23.O-O-O b5 24.Rdg1 Rf7 25.gxf5 exf5 26.Bg3 Qb7 27.Bxf5 Rxf5 28.Nxf5 Qd7
29.e6 Qxe6 30.Nxg7 Qxh3 31.Nxe8 Nd3+ 32.Kd2 Be6 33.Bb8 Qf5 34.Bxa7 Ne5 35.Bd4 Bb6
36.Bxb6 Nf3+ 37.Kc1 b4 38.Bd8 Nxg1 39.Rxg1 h6 40.Bf6+ Kh7 41.Rg7+ Kh8 42.Rg5+ Qxf6
43.Nxf6 hxg5 44.h6 b3 45.a4 Bc8 46.Kd2 Bb7 47.Ke2 Ba8 48.Kf1 Bb7 49.Kg1 Ba8
50.Kh2 Bb7 51.Kg3 Bc8 52.a5 Ba6 53.Kg4 Bb7 54.Kxg5 Bc8 55.Kf4  1-0

[Event "Guernsey Open"]
[Site "Guernsey GCI"]
[Date "2009.10.23"]
[Round "6"]
[White "Collier,D"]
[Black "Paardekam,R"]
[Result "1/2-1/2"]
[WhiteElo "2125"]
[BlackElo "2072"]

1.d4 Nf6 2.Bg5 e6 3.Nd2 h6 4.Bh4 c5 5.e3 Nc6 6.Ngf3 cxd4 7.exd4 Be7 8.c3 O-O
9.Bd3 b6 10.O-O Bb7 11.Re1 Re8 12.Rc1 Rc8 13.Bb1 Nd5 14.Bxe7 Ncxe7 15.Ne4 Qc7
16.Qd3 f5 17.Ng3 Nf4 18.Qd1 Qc6 19.c4 g5 20.d5 exd5 21.Nxf5 Qf6 22.Qd4 Qxd4
23.N3xd4 Nxf5 24.Bxf5 dxc4 25.Bxd7 Rxe1+ 26.Rxe1 Rd8 27.Re7 Kf8 28.Rh7 Kg8  1/2-1/2

[Event "WJun"]
[Site "Puerto Madryn ARG"]
[Date "2009.10.23"]
[Round "3"]
[White "Ibarra Chami,L"]
[Black "Leon Hoyos,M"]
[Result "1/2-1/2"]
[WhiteElo "2393"]
[BlackElo "2516"]

1.d4 Nf6 2.Bg5 e6 3.e4 h6 4.Bxf6 Qxf6 5.Nc3 Bb4 6.Qd2 d6 7.a3 Ba5 8.Nf3 Nd7
9.Bd3 O-O 10.b4 Bb6 11.Ne2 e5 12.d5 Re8 13.Bb5 Re7 14.Ng3 Nf8 15.h3 a5 16.Rb1 axb4
17.axb4 Nh7 18.Bd3 Ng5 19.Nxg5 hxg5 20.Nh5 Qh6 21.Qe2 g6 22.Nf6+ Kg7 23.Qf3 g4
24.Nxg4 Bxg4 25.Qxg4 Qf4 26.Qxf4 exf4  1/2-1/2

[Event "24th GP Open A"]
[Site "Le Touquet FRA"]
[Date "2009.10.24"]
[Round "1"]
[White "Andrieu,P"]
[Black "Vovk,A"]
[Result "0-1"]
[WhiteElo "1992"]
[BlackElo "2512"]

1.d4 Nf6 2.Bg5 e6 3.e4 h6 4.Bxf6 Qxf6 5.Nf3 d6 6.Bd3 e5 7.c3 Be7 8.Nbd2 O-O
9.O-O exd4 10.cxd4 Nc6 11.e5 dxe5 12.Ne4 Qf4 13.g3 Qg4 14.dxe5 Rd8 15.Qe2 Bf5
16.Rfe1 Qh5 17.Qe3 Nb4 18.Be2 Nc2 19.Qf4 Bg4 20.Nd4 Bxe2 21.Nxc2 Bg4 22.Re3 Bd1
23.Ne1 Bg4 24.Rc1 Rd7 25.Rec3 c6 26.Ng2 Rad8 27.Ne3 Be6 28.h4 Kh8 29.Nc4 Rd1+
30.Kh2 g5 31.Nf6 Qe2 32.Qe3 Qf1  0-1

[Event "17th TCh-Eur"]
[Site "Novi Sad SRB"]
[Date "2009.10.29"]
[Round "8"]
[White "Karttunen,M"]
[Black "Djukic,Ni"]
[Result "1-0"]
[WhiteElo "2426"]
[BlackElo "2503"]

1.d4 Nf6 2.Bg5 e6 3.e4 h6 4.Bxf6 Qxf6 5.Nc3 d6 6.Qd2 g5 7.Nb5 Qd8 8.Bd3 a6
9.Nc3 Bg7 10.Nce2 c5 11.c3 cxd4 12.Nxd4 Nc6 13.Nge2 Bd7 14.O-O Qb6 15.Nc2 Ne5
16.Ne3 g4 17.Kh1 h5 18.f4 gxf3 19.gxf3 O-O-O 20.Bc2 Bh6 21.f4 Bc6 22.Qd4 Qc7
23.c4 Ng4 24.Nxg4 hxg4 25.Rad1 f5 26.Qf6 Rde8 27.Qd4 Rh7 28.Kg1 Reh8 29.exf5 Bg7
30.f6 Rxh2 31.Be4 Bf8 32.Ng3 R2h3 33.Rd3 d5 34.cxd5 Bxd5 35.b4 Bxe4 36.Qxe4 Qb6+
37.Rf2 Bxb4 38.Kf1 Bc5 39.Rb3 Bxf2 40.Rxb6 Bxb6 41.Qxe6+ Kc7 42.Qxg4 R3h7
43.Qf5 Rd7 44.Qe5+ Kc6 45.f7 Rf8 46.Qc3+ Bc5 47.Ne4 b6 48.Qf6+ Kc7 49.Qe5+ Kc6
50.Ng5 Kb7 51.Qf5 Rd1+ 52.Ke2 Rfd8 53.Qe4+ Ka7 54.Ne6 R8d2+ 55.Kf3 Ba3 56.f8=Q Bxf8
57.Nxf8 b5 58.Qc6 Rd6 59.Qc7+ Ka8 60.Ne6 Rd7 61.Qc8+ Ka7 62.Nc5 Rh7 63.Qxa6+ Kb8
64.Qxb5+ Kc8 65.Qc6+ Kb8 66.Qe8+ Kc7 67.Qe5+ Kb6 68.Qe6+ Ka7 69.a4 Rf1+ 70.Ke2 Rfh1
71.Qa6+ Kb8 72.Qb6+ Kc8 73.Qc6+ Kd8 74.Ne6+ Ke7 75.Ng5 R1h2+ 76.Kf3 Rg7 77.Qc7+ Kf6
78.Qd6+  1-0

[Event "17th TCh-Eur"]
[Site "Novi Sad SRB"]
[Date "2009.10.30"]
[Round "9"]
[White "Miladinovic,I"]
[Black "Morrison,G SCO"]
[Result "1-0"]
[WhiteElo "2547"]
[BlackElo "2353"]

1.d4 Nf6 2.Bg5 e6 3.e3 h6 4.Bh4 c5 5.c3 b6 6.Nd2 Bb7 7.Ngf3 Be7 8.Bg3 d6
9.h3 O-O 10.Bd3 Ba6 11.Bxa6 Nxa6 12.Qa4 Qc8 13.O-O Qb7 14.e4 cxd4 15.cxd4 d5
16.e5 Nd7 17.Bf4 Nb4 18.Qb3 a5 19.Ne1 a4 20.Qg3 Kh7 21.a3 Nc6 22.Be3 f5 23.exf6 Bxf6
24.Rc1 e5 25.Nd3 exd4 26.Bf4 Rac8 27.Bd6 Be7 28.Rxc6 Qxc6 29.Bxe7 Rfe8 30.Bb4 Nc5
31.Ne5 Qf6 32.f4 Qf5 33.Ndf3 Ne6 34.Bd2 Kg8 35.Ng4 Kh8 36.Kh2 Rc2 37.Re1 Rxb2
38.Nxd4 Qf7 39.Bc3 Ra2 40.Nxh6 gxh6 41.Nxe6+ Kh7 42.Qd3+  1-0

[Event "WJun"]
[Site "Puerto Madryn ARG"]
[Date "2009.10.30"]
[Round "9"]
[White "Tristan,L"]
[Black "Houriez,C"]
[Result "1/2-1/2"]
[WhiteElo "2412"]
[BlackElo "2304"]

1.d4 Nf6 2.Bg5 e6 3.e4 h6 4.Bxf6 Qxf6 5.Nc3 d6 6.Qd2 c6 7.f4 e5 8.dxe5 dxe5
9.f5 Bb4 10.Nf3 Nd7 11.a3 Ba5 12.O-O-O b5 13.g4 Qe7 14.Be2 Bb7 15.Kb1 Bb6
16.h4 O-O-O 17.g5 Qc5 18.gxh6  1/2-1/2

[Event "FSIM November"]
[Site "Budapest HUN"]
[Date "2009.11.09"]
[Round "3"]
[White "Turzo,A"]
[Black "Szabo,Ben"]
[Result "1-0"]
[WhiteElo "2276"]
[BlackElo "2218"]

1.d4 Nf6 2.Bg5 e6 3.e4 h6 4.Bxf6 Qxf6 5.Nf3 d6 6.Nc3 Nd7 7.Qd2 a6 8.O-O-O Qd8
9.Kb1 c5 10.dxc5 Nxc5 11.e5 d5 12.Nd4 b5 13.f4 Bb7 14.f5 b4 15.Nce2 Ne4 16.Qf4 Qd7
17.g4 Be7 18.h4 O-O-O 19.Bg2 Nc5 20.Ng3 g5 21.hxg5 Bxg5 22.Qf2 Qc7 23.Nf3 Be7
24.f6 Bf8 25.g5 Nd7 26.Qe2 Qc4 27.Qd2 Qg4 28.Qe1 Qc4 29.gxh6 Rxh6 30.Ng5 Rxh1
31.Bxh1 Nxe5 32.Qxe5 Bd6 33.Qe1 Qc7 34.Ne2 Be5 35.Qxb4 Bxf6 36.Nf3 Rh8 37.Nfd4 Qe5
38.Bf3 Rh3 39.Qf8+ Bd8 40.Qxf7  1-0

[Event "TCh-FIN 2009-10"]
[Site "Finland FIN"]
[Date "2009.11.14"]
[Round "4"]
[White "Mertanen,J"]
[Black "Sorsa,N"]
[Result "1-0"]
[WhiteElo "2292"]
[BlackElo "2223"]

1.d4 Nf6 2.Bg5 e6 3.e4 h6 4.Bxf6 Qxf6 5.Nc3 a6 6.Qd2 d6 7.f4 b5 8.Nf3 Bb7
9.Bd3 Qd8 10.O-O-O Be7 11.Qe3 Nd7 12.e5 Nb6 13.Rhe1 b4 14.Ne2 a5 15.f5 Nd5
16.Qf2 exf5 17.Ng3 g6 18.e6 O-O 19.Kb1 fxe6 20.Rxe6 Nf4 21.Ree1 Nxd3 22.Rxd3 Bf6
23.h4 Bxh4 24.Nxh4 Qxh4 25.Rh1 Qg5 26.d5 f4 27.Ne4 Qe5 28.Rxh6 Qxe4 29.Qh4 Rfe8
30.Rd1 Bxd5 31.Qf6  1-0

[Event "ch-RSA"]
[Site "Cape Town RSA"]
[Date "2009.11.29"]
[Round "3"]
[White "De Villiers,C"]
[Black "Solomon,K"]
[Result "0-1"]
[WhiteElo "2274"]
[BlackElo "2368"]

1.d4 Nf6 2.Bg5 e6 3.Nf3 d5 4.e3 c5 5.c4 cxd4 6.exd4 Bb4+ 7.Nc3 Qa5 8.Bd2 dxc4
9.Bxc4 O-O 10.Qe2 b6 11.Ne5 Ba6 12.Qf3 Nbd7 13.Nc6 Bb7 14.Ne7+ Bxe7 15.Qxb7 Qf5
16.O-O a6 17.Be2 b5 18.Qf3 Nb6 19.Qxf5 exf5 20.Bf3 Rad8 21.Ne2 Nc4 22.Bc1 Ne4
23.Rd1 Rfe8 24.g3 g6 25.b3 Nb6 26.Nf4 Bf6 27.Be3 Nd5 28.Nxd5 Rxd5 29.Rac1 Rd6
30.Rc7 Red8 31.Ra7 Nc3 32.Rd2 b4 33.Bf4 Bxd4 34.Bxd6 Bxa7 35.Bf4 Rxd2 36.Bxd2 Nxa2
37.Kf1 a5 38.Ke2 Kg7 39.h4 h5 40.Bd5 Bd4 41.Bc6 Nc3+ 42.Kf3 Kf6 43.Bf4 Ke6
44.Be8 a4 45.bxa4 b3 46.Bc1 Na2 47.Ba3 b2 48.Bxb2 Bxb2 49.a5 Bd4 50.Kg2 Nc3
51.f3 Nd5 52.Ba4 Ne3+ 53.Kh3 Ke7 54.a6 Ba7 55.Bb3 f6 56.f4 Nf1 57.Kg2 Nd2
58.Ba2 Bb6 59.Bd5 Bc5 60.Ba2 Ne4 61.Bd5 Ba7 62.Kf3 Nd6 63.Bb3 Kd8 64.Bg8 Nc8
65.Bf7 Ne7 66.Kg2 Kc7 67.Kf3 Kc6 68.Ke2 Kb5  0-1

[Event "ch-RSA"]
[Site "Cape Town RSA"]
[Date "2009.11.30"]
[Round "5"]
[White "Mosetlhe,K"]
[Black "Mabusela,J"]
[Result "1/2-1/2"]
[WhiteElo "2100"]
[BlackElo "2270"]

1.d4 Nf6 2.Bg5 e6 3.e4 h6 4.Bxf6 Qxf6 5.Nf3 d5 6.e5 Qd8 7.Be2 c5 8.O-O Nc6
9.c3 Qb6 10.Qd2 Bd7 11.dxc5 Bxc5 12.b4 Be7 13.Qf4 O-O 14.b5 Na5 15.Nbd2 Rac8
16.Rac1 f6 17.Qg3 Qc7 18.Bd3 Ba3 19.Qg6 f5 20.Rc2 Nc4 21.Re1 Nxd2 22.Nxd2 Qb6
23.Nf3 Rc7 24.Nd4 Rfc8 25.g4 Be8 26.Qxe6+ Qxe6 27.Nxe6 Rxc3  1/2-1/2

[Event "2nd Dragon Capital"]
[Site "Ho Chi Minh City VIE"]
[Date "2009.12.05"]
[Round "5"]
[White "Duong The Anh"]
[Black "Nguyen Van Hai"]
[Result "1/2-1/2"]
[WhiteElo "2440"]
[BlackElo "2249"]

1.d4 Nf6 2.Bg5 e6 3.e3 Be7 4.Bd3 c5 5.c3 cxd4 6.exd4 b6 7.Nd2 Bb7 8.Ngf3 d6
9.Bxf6 Bxf6 10.Qe2 Nd7 11.a4 a6 12.h4 h6 13.g4 Be7 14.Be4 Bxe4 15.Nxe4 d5
16.Ned2 Qc7 17.Ne5 Nxe5 18.dxe5 Qc6 19.Nf3 Qc4 20.Qxc4 dxc4 21.Nd2 Rc8 22.Ne4 f5
23.exf6 gxf6 24.Rd1 Rc6 25.Ke2 Rg8 26.Kf3 h5 27.g5 fxg5 28.hxg5 Bxg5 29.Rxh5 Be7
30.Rh7 Rf8+ 31.Ke2 Rf7 32.Rh8+ Rf8 33.Rh7 Rf7 34.Rh8+ Rf8 35.Rh6 Rf5 36.f3 b5
37.Rh8+ Rf8 38.axb5 axb5 39.Rh5 Rf5 40.Rh8+ Rf8 41.Rh7 Ra6 42.Rg1 Kd8 43.Rgg7 Re8
44.Kd2 b4 45.cxb4 Bxb4+ 46.Kc2 Re7 47.Rg8+ Kc7 48.Rhh8 Kc6 49.Rb8 Rb6 50.Rhc8+ Rc7
51.Rxc7+ Kxc7 52.Rxb6 Kxb6 53.Ng5 Kc5 54.Nxe6+ Kd5 55.Nf4+ Kd4 56.Ng6 Ke3
57.Ne5 Kf4 58.Nxc4 Kxf3 59.Kd3 Kf4 60.Kd4 Kf5 61.Kd5 Kf6 62.Ne5 Be1 63.Nf3 Ba5
64.Kc6 Ke6 65.Kb5 Bd8 66.Nd4+ Kd5 67.Nc6 Bf6 68.b3 Bc3 69.Ne7+ Ke6 70.Kc4 Be1
71.Nd5 Kd6 72.Nf4 Kc6 73.Ne2 Kb6 74.Nd4 Bd2 75.Nf3 Ba5 76.b4 Bxb4 77.Kxb4  1/2-1/2

[Event "Open"]
[Site "Pilsen CZE"]
[Date "2009.12.10"]
[Round "7"]
[White "Kvasnicka,L"]
[Black "Baraniuk,Andrej"]
[Result "1-0"]
[WhiteElo "1766"]
[BlackElo "1673"]

1.d4 Nf6 2.Bg5 e6 3.Bxf6 Qxf6 4.Nf3 d5 5.e3 Bd6 6.c4 b6 7.cxd5 exd5 8.Qa4+ Bd7
9.Qc2 O-O 10.Bd3 h6 11.Nc3 c6 12.O-O b5 13.e4 dxe4 14.Bxe4 Na6 15.a3 Rac8
16.Rac1 Rfe8 17.Bd3 Nc7 18.Qd2 Bf4 19.Qc2 Bxc1 20.Qxc1 Ne6 21.Ne4 Qf4 22.Qc3 Qc7
23.Qd2 Rcd8 24.Ne5 Re7 25.Rc1 Nxd4 26.Nf6+ Kh8 27.Nexd7 Rdxd7 28.Nxd7 Qxd7
29.Qd1 Ne2+ 30.Bxe2 Qxd1+ 31.Rxd1 Rxe2 32.Rb1 c5 33.g3 c4 34.b3 c3 35.Rc1 c2
36.Kf1 Rd2 37.Ke1 Rd3 38.b4 Rxa3 39.Rxc2 Rb3 40.Rc7 f6 41.Rxa7 Rxb4 42.h4 h5
43.Ra2 Rb3 44.Kd2 Kh7 45.Kc2 Rf3 46.Kd1 Kg6 47.Rb2 Rf5 48.Ke2 Kh6 49.Ke3 g5
50.hxg5+ Kxg5 51.Rb4 Re5+ 52.Kd3 Rc5 53.Ke3 f5 54.Kd3 Re5 55.f4+ Kf6 56.fxe5+ Kxe5
57.Rxb5+ Kf6 58.Ke3 Kg5 59.Ra5 Kg4 60.Kf2  1-0

[Event "London Classic FIDE Open"]
[Site "London ENG"]
[Date "2009.12.12"]
[Round "6"]
[White "Loeffler,S"]
[Black "Hammer,J"]
[Result "0-1"]
[WhiteElo "2416"]
[BlackElo "2588"]

1.d4 Nf6 2.Bg5 e6 3.e4 h6 4.Bxf6 Qxf6 5.c3 d5 6.Nd2 c5 7.Bb5+ Bd7 8.Bxd7+ Nxd7
9.exd5 cxd4 10.cxd4 Qxd4 11.dxe6 Nc5 12.exf7+ Kxf7 13.Qf3+ Kg8 14.Ne2 Re8
15.Rd1 Qxb2 16.O-O Qxa2 17.Nc3 Qf7 18.Qg3 h5 19.Nf3 Rh6 20.Ng5 Qc4 21.Qf3 Be7
22.Rd4 Qb3 23.Rb1 Bxg5 24.h4 Rf8 25.Qg3 Bxh4 26.Rxh4 Qf7 27.Rbb4 Rg6 28.Qe3 Nd3
29.Rb5 Qxf2+ 30.Qxf2 Rxf2  0-1

[Event "ch-VIE Men Masters"]
[Site "Ho Chi Minh City VIE"]
[Date "2009.12.13"]
[Round "5"]
[White "Duong The Anh"]
[Black "Nguyen Van Huy"]
[Result "1-0"]
[WhiteElo "2440"]
[BlackElo "2414"]

1.d4 Nf6 2.Bg5 e6 3.e4 h6 4.Bxf6 Qxf6 5.Nc3 Bb4 6.Qd2 d6 7.a3 Ba5 8.f4 Bxc3
9.bxc3 e5 10.fxe5 dxe5 11.Nf3 Nd7 12.Bb5 c6 13.Bc4 exd4 14.cxd4 Nb6 15.Bd3 Be6
16.O-O O-O 17.a4 Bc4 18.Ne5 Qe6 19.Nxc4 Nxc4 20.Qb4 Ne3 21.Rf3 Ng4 22.e5 a5
23.Qc5 h5 24.h3 Nh6 25.Rb1 Qd7 26.c3 Rfe8 27.Bc4 Re7 28.Rbf1 Qc7 29.e6 fxe6
30.Qxh5 b5 31.Bd3 Nf5 32.g4 Nh6 33.Qg6 Rf7 34.Kg2  1-0

[Event "16th Open A"]
[Site "Zadar CRO"]
[Date "2009.12.16"]
[Round "5"]
[White "Martinovic,Sa"]
[Black "Titz,Hei"]
[Result "1-0"]
[WhiteElo "2483"]
[BlackElo "2263"]

1.d4 Nf6 2.Bg5 e6 3.e4 c5 4.d5 Qb6 5.Nc3 Qxb2 6.Bd2 Qb6 7.f4 d6 8.dxe6 Bxe6
9.f5 Bd7 10.Nf3 Be7 11.Bc4 Nc6 12.Rb1 Qd8 13.O-O O-O 14.Qe1 a6 15.a4 Nb4
16.Qg3 b5 17.Be2 Bc6 18.Bh6 Ne8 19.axb5 axb5 20.Bxb5 Bxb5 21.Nxb5 Kh8 22.Bf4 Nf6
23.Qe1 Nxc2 24.Qe2 Na3 25.Nxa3 Rxa3 26.Rb7 Ra4 27.Nd2 Re8 28.Rfb1 Kg8 29.Qd3 Rb4
30.R1xb4 cxb4 31.Rxb4 Nd7 32.Rd4 Nc5 33.Qb5 Bf8 34.Bxd6 Bxd6 35.Rxd6 Qxd6
36.Qxe8+ Qf8 37.Qxf8+ Kxf8 38.Kf2 Ke7 39.Ke3 f6 40.Kd4 Nd7 41.Nc4 g6 42.g4 gxf5
43.gxf5 Nf8 44.Kd5 Nd7 45.Kc6 Nb8+ 46.Kc5 Na6+ 47.Kb5 Nc7+ 48.Kc6 Ne8 49.Nb6 Ng7
50.Nc8+ Kd8 51.Nb6 Ke7 52.Nd5+ Kf7 53.Kd6 Ne8+ 54.Kd7 Ng7 55.Nf4 h6 56.h3  1-0

[Event "4th Int"]
[Site "Edmonton CAN"]
[Date "2009.12.17"]
[Round "1"]
[White "Kraai,J"]
[Black "Haessel,D"]
[Result "1-0"]
[WhiteElo "2509"]
[BlackElo "2201"]

1.d4 Nf6 2.Bg5 e6 3.e4 h6 4.Bxf6 Qxf6 5.Nf3 d6 6.Nc3 Nd7 7.Qd2 a6 8.O-O-O Qd8
9.h4 Be7 10.e5 b5 11.Bd3 Bb7 12.Ne4 Nb6 13.Kb1 Qd7 14.Rhe1 O-O-O 15.exd6 cxd6
16.Qf4 Rhf8 17.Rc1 f5 18.Ng3 Kb8 19.Qd2 Bf6 20.Nh5 Ka7 21.b3 Qf7 22.Nxf6 Qxf6
23.Qa5 Bc6 24.a4 Bxf3 25.gxf3 Qxd4 26.Bxb5 Nd5 27.Qxa6+ Kb8 28.c3 Qxf2 29.Re2 Qxf3
30.Bc6  1-0

[Event "9th Amplico Life Rapid"]
[Site "Warsaw POL"]
[Date "2009.12.19"]
[Round "2"]
[White "Zimolzak,P"]
[Black "Moranda,W"]
[Result "0-1"]
[WhiteElo "2124"]
[BlackElo "2579"]

1.d4 Nf6 2.Bg5 e6 3.e4 c5 4.e5 h6 5.Bd2 Nh7 6.Nf3 Nc6 7.c3 Ng5 8.Bxg5 hxg5
9.d5 exd5 10.Qxd5 g4 11.Nfd2 Rh5 12.f4 d6 13.Bb5 Qb6 14.Na3 Be6 15.Qd3 d5
16.c4 O-O-O 17.Bxc6 Qxc6 18.O-O-O Be7 19.Qb3 d4 20.Qb5 Qxg2 21.Nb3 Qc6 22.Qxc6+ bxc6
23.Na5 Kc7 24.Rd3 Rb8 25.Rg1 Rxh2 26.Rgg3 Rhxb2  0-1